000 00442nam a2200181Ia 4500
001 2277
005 20260306143830.0
008 260306t2012||||xx |||||||||||||| ||spa||
041 _aESP
082 _a616.8527
_bV23
100 _aVallejo Ruiloba, Julio
_eAUT
245 0 _aMelancolía, un tipo basíco de depresión
260 _c2012
300 _a223 páginas :
_c24 cm.
650 _aGEN
654 _aCPS
942 _cLIB
_dJUS
_fJUS
_2ddc
_n
999 _c2277
_d2277